Účetní a daňové odpisy

Zmeny v ponímaní odpisov investičného majetku v súvislosti s reformou účtovníctva. Prípady účtovných a daňových odpisov pri nehmotnom a hmotnom investičnom majetku.

Gespeichert in:
Bibliographische Detailangaben
1. Verfasser: Dudová, R.
Format: Buchkapitel
Sprache:Tschechisch
Schlagworte:
Tags: Tag hinzufügen
Keine Tags, Fügen Sie das erste Tag hinzu!

MARC

LEADER 00000naa a2200000 4500
001 r014368
005 20221213083403.1
041 0 |a cze 
044 |a CZ 
245 1 0 |a Účetní a daňové odpisy  |c R. Dudová 
520 |a Zmeny v ponímaní odpisov investičného majetku v súvislosti s reformou účtovníctva. Prípady účtovných a daňových odpisov pri nehmotnom a hmotnom investičnom majetku. 
610 2 0 |a odpisy daňové 
610 2 0 |a odpisy účtovné 
610 2 0 |a majetok investičný 
610 2 0 |a majetok nehmotný 
610 2 0 |a majetok hmotný 
100 1 |a Dudová, R.